Sicherung Von Altlasten : (Record no. 619814)

MARC details
000 -LEADER
fixed length control field 00480nam a2200181 a 4500
008 - FIXED-LENGTH DATA ELEMENTS--GENERAL INFORMATION
fixed length control field 260424s1994##################000#0#eng##
020 ## - INTERNATIONAL STANDARD BOOK NUMBER
ISBN 9789054103851
082 04 - DEWEY DECIMAL CLASSIFICATION NUMBER
Classification number 345.430242JES
100 1# - MAIN ENTRY--AUTHOR NAME
Personal name Jessberger, H.L.,
245 10 - TITLE STATEMENT
Title Sicherung Von Altlasten :
260 ## - PUBLICATION, DISTRIBUTION, ETC. (IMPRINT)
Name of publisher CRC Press,
Year of publication 1994.
650 #0 - SUBJECT ADDED ENTRY--TOPICAL TERM
Topical Term Technology & Engineering.
942 ## - ADDED ENTRY ELEMENTS (KOHA)
Koha item type English Books
Holdings
Withdrawn status Lost status Damaged status Not for loan Home library Current library Date acquired Full call number Accession Number Price effective from Koha item type
        Anna Centenary Library Anna Centenary Library 24.04.2026 345.430242JES 171776 24.04.2026 English Books

Find us on the map